تفہیم البخاری عربی متن مع اردو شرح صحیح بخاری (Record no. 329339)
[ view plain ]
| 000 -LEADER | |
|---|---|
| fixed length control field | nam a22 7a 4500 |
| 003 - CONTROL NUMBER IDENTIFIER | |
| control field | Nust |
| 005 - DATE AND TIME OF LATEST TRANSACTION | |
| control field | 20170503121914.0 |
| 008 - FIXED-LENGTH DATA ELEMENTS--GENERAL INFORMATION | |
| fixed length control field | 170503b xxu||||| |||| 00| 0 eng d |
| 040 ## - CATALOGING SOURCE | |
| Transcribing agency | Nust |
| 082 ## - DEWEY DECIMAL CLASSIFICATION NUMBER | |
| Classification number | 297.1241 |
| Author Mark | BUK |
| 100 ## - MAIN ENTRY--PERSONAL NAME | |
| Personal name | Muhammad bin Ismaeel Bukhari |
| 245 ## - TITLE STATEMENT | |
| Title | تفہیم البخاری عربی متن مع اردو شرح صحیح بخاری |
| Remainder of title | Tafheem ul Bukhari arabi mattan maa urdu sharah Sahih Bukhari (VOL.2 & 3) |
| 260 ## - PUBLICATION, DISTRIBUTION, ETC. | |
| Place of publication, distribution, etc. | Lahore: |
| Name of publisher, distributor, etc. | Al-Mezan |
| Date of publication, distribution, etc. | 2009 |
| 300 ## - PHYSICAL DESCRIPTION | |
| Extent | vol |
| 650 ## - SUBJECT ADDED ENTRY--TOPICAL TERM | |
| Topical term or geographic name entry element | Sahih Bukhari |
| 942 ## - ADDED ENTRY ELEMENTS (KOHA) | |
| Source of classification or shelving scheme | |
| Koha item type | Book |
| Withdrawn status | Lost status | Source of classification or shelving scheme | Damaged status | Not for loan | Permanent Location | Current Location | Shelving location | Date acquired | Total Checkouts | Total Renewals | Full call number | Barcode | Date last seen | Date last checked out | Copy number | Price effective from | Koha item type | Collection code |
|---|---|---|---|---|---|---|---|---|---|---|---|---|---|---|---|---|---|---|
| NUST Law School (NLS) | NUST Law School (NLS) | First Floor - Islam | 05/03/2017 | 3 | 5 | 297.1241 ABD | CL2380 | 01/09/2024 | 09/15/2023 | 2 | 05/03/2017 | Book | ||||||
| NUST Law School (NLS) | NUST Law School (NLS) | First Floor - Islam | 05/03/2017 | 1 | 1 | 297.1241 BUK | CL2381 | 03/20/2019 | 02/13/2019 | 2 | 05/03/2017 | Book |
